00318pab a2200121 454500008004000000100001900040245006000059260000900119300001300128362001100141650001000152773003400162180718b2015 xxu||||| |||| 00| 0 eng d aBhardwaj, Atul aSilk routes versus sea lanes: the return of landlubbers c2015 ap.10-16. a30 May aRoads aEconomic and Political Weekly